000 00895cab a2200265 4500
001 WB3507-06
008 090401t1999 xxu||||| |||| 00| 0 eng d
035 _a(Sirsi) u91465
041 _aeng
245 _aNew partnering drive
260 _c1999
350 _a0
490 _aContract Journal
_v397(6213) 17 February 1999, 1(1)
520 _aTreasury is launching a drive to establish partnering and prime contracting as the main means of procuring public construction contracts. The initiative begins on 4 March 1999 and will be followed by a series of promotional documents.
650 _aCONSTRUCTION PROJECTS
650 _aDESIGN AND CONSTRUCT
650 _aPARTNERING
650 _aPRIME CONTRACTING
650 _aPROCUREMENT METHODS
650 _aPUBLIC SECTOR
650 _aPUBLIC WORKS CONTRACTS
690 _aBUILT ENVIRONMENT
942 _n0
948 _c19/02/1999
999 _c58068
_d58068